América española - Statistiques

Statistiques générales
  • Ce quiz a été pris 4 fois
  • Le résultat moyen est 24 sur 252
Statistiques - réponses
Hint Réponse % Correct
turcos otomanos toman Constantinopla 1453
100%
gobernadores de provincia criollos. 14 / 602
100%
Colon se instala en Lisboa, en busca del camino hacia Indias de Bartolomé Días. 1476
67%
Bartolomé Días dobla el Cabo de Buena Esperanza. Llegada al océano indico, cerca especias 1488
67%
5-6 millones (epidemias, guerras, explotación laboral) | Alvares Cabral “descubre” Brasil intentando llegar a las Indias 1500
67%
llegada a la isla Guanahani. La llama San Salvador 12 oct 1492
33%
Colón presenta su proyecto al Rey de Portugal 1483
33%
Colón busca viajar a las Indias 1483 - 1491
33%
Colón presenta proyecto a RRCC 1485
33%
Bartolomé Colón presenta el proyecto a UK, FR, todos lo rechazan 1488 - 1490
33%
50 millones indígenas en América 1491
33%
Últimos viajes de Cristóbal Colón 1493-1504
33%
Conquista y colonización del Caribe y « Tierra Firme » 1493-1528
33%
Tratado de Tordesillas, línea de demarcación desplazada hacia Oeste | plantan de caña de azúcar 1494
33%
Vasco de Gama llega a Calicut, a las Indias. Toma e instalación para sumisión comercial (Macao, China) 1498
33%
Diego Velázquez = gobernador de Cuba 1519
33%
conquista del Imperio azteca y territorios mayas 1520 - 1532
33%
1529 | Capitán Juan de Salazar funda Asunción. Etapa en la conquista sierra de la plata. | Pedro de Mendoza obtiene capitulación para descubrir y conquistar la sierra de la Plata pasando por Río de la Plata. | Tratado de Zaragoza. Trasladar las líneas de la bula papal a las Especias asiáticas. 1529
33%
FP y DA en Tumbes apoyan a Atahualpa en la guerra civil para vencer a Huáscar 1532
33%
conquista del imperio incaico 1532 – 1572
33%
Democrates Primus, legítima recurso a violencia en defensa de fe cristiana 1533
33%
Carlos V crea segundo Virreinato del Perú, nombra a otro | Descubrimiento de montaña de Potosí (mayor yacimiento de plata encontrado) | Fray Bartolomé de Las Casas redacta 1era versión de la Brevísima relación de la destrucción de las Indias porque nadie aplica las Leyes de Burgos | promulgación de Leyes Nuevas por el Consejo de Indias 1542
33%
completa la Brevísima y la dedica al Principe Felipe 1552
33%
llega a España 15 marzo 1493
33%
RRCC firman las Capitulaciones de Santa Fe 17 abril 1492
33%
naufragio de la Santa María. Colón construye Fuerte de la Navidad 25 dec 1492
33%
Toma de Granada. Colon apoyado por Antonio de Marchena y Luis de Santángel 2 enero 1492
33%
Colón sale de Palos con 90 hombres 3 agosto 1492
33%
recibido en Barcelona por RRCC Abril 1493
33%
1500 Alvares Cabral “descubre” Brasil intentando llegar a las Indias
33%
1488 - 1490 Bartolomé Colón presenta el proyecto a UK, FR, todos lo rechazan
33%
1488 Bartolomé Días dobla el Cabo de Buena Esperanza. Llegada al océano indico, cerca especias
33%
1483 – 1491 Colón busca viajar a las Indias
33%
1485 Colón presenta proyecto a RRCC
33%
3 agosto 1492 Colón sale de Palos con 90 hombres
33%
1476 Colon se instala en Lisboa, en busca del camino hacia Indias de Bartolomé Días.
33%
Enero 1493 Colón vuelve a España
33%
1492 - 1520 Conquista del Caribe
33%
1520 - 1532 conquista del Imperio azteca y territorios mayas
33%
1532 – 1572 conquista del imperio incaico
33%
1493-1528 Conquista y colonización del Caribe y « Tierra Firme »
33%
Colón vuelve a España enero 1493
33%
15 marzo 1493 llega a España
33%
12 oct 1492 llegada a la isla Guanahani. La llama San Salvador
33%
Papa Alejandro VI promulga la bula inter caetera Mayo 1493
33%
25 dec 1492 naufragio de la Santa María. Colón construye Fuerte de la Navidad
33%
Mayo 1493 Papa Alejandro VI promulga la bula inter caetera
33%
1494 plantan de caña de azúcar
33%
Abril 1493 recibido en Barcelona por RRCC
33%
17 abril 1492 RRCC firman las Capitulaciones de Santa Fe :
33%
2 enero 1492 Toma de Granada. Colon apoyado por Antonio de Marchena y Luis de Santángel
33%
1494 Tratado de Tordesillas, línea de demarcación desplazada hacia Oeste
33%
1529 Tratado de Zaragoza. Trasladar las líneas de la bula papal a las Especias asiáticas.
33%
1453 turcos otomanos toman Constantinopla
33%
1493-1504 Últimos viajes de Cristóbal Colón
33%
1498 Vasco de Gama llega a Calicut, a las Indias. Toma e instalación para sumisión comercial (Macao, China)
33%
Colón virrey y el gobernador de provincia 1492-1500
0%
Conquista del Caribe 1492 - 1520
0%
350.000 españoles llegan en las colonias 1492-1650
0%
al menos 12 millones personas fueron sacadas de África para ser vendidas en América 1492 - 1870
0%
1520-1820 15.000 religiosos enviados por España a las Indias Occidentales
0%
Encomienda (sistema jurídico). Un grupo de indígenas era entregado por la Corona a un encomendero 1502
0%
creación Casa de la Contratación en Sevilla (reglamenta los intercambios entre las colonias / España) 1503
0%
Junta de Burgos : reunión de teólogos, letrados que promulgaron Leyes de Burgos 1512-1513
0%
Carlos V Rey decide reformar las colonias 1516
0%
Conquista de México / Nueva España por Hernán Cortés 1519-1532
0%
15.000 religiosos enviados por España a las Indias Occidentales 1520-1820
0%
Cortés perdonado. Recibe título de Gobernador + Capitán General de Nueva España | Sebastián Gaboto organiza expediciones hacia estrecho de Magallanes buscando las islas de especias. Desobedece y explora Rio Plata 1522
0%
creación del Consejo de Indias (elaborar leyes, nombrar altos funcionarios, papel de tribunal de justicia, nombra los obispos) 1524
0%
Fray Francisco de Vitoria funda la Escuela de Salam. Siete títulos (no) legítimos 1526
0%
Cortés destituido por autoritarismo. Absuelto por Carlos V. Título de Marqués del Valle de Oaxaca 1528
0%
Conquista de Chile, Paraguay, Castilla de Oro, Nueva Granada y Río de la Plata. 1530-1550
0%
Francisco Pizarro y Diego de Almagro : 2 exploraciones saliendo del Istmo de Panamá. 1532 - 1537
0%
Conquista del Perú (imperio incaico) por Francisco Pizarro y Diego de Almagro 1532-1545
0%
4.000 colones españoles llegan a Cusco 1534
0%
Corona crea Virreinato de Nueva España (México, centro América, Caribe). 1er Virreinato creado en Nuevo Mundo 1535
0%
Almagro enviado a conquistar provincias de Chile | Rebelión en Cusco encabezada por otro hermano el Manco Inca Yupanqui 1536
0%
Almagro manda a detener los hermanos de Pizarro. | Almagro regresa a Cusco y vence de nuevo a los Incas 1537
0%
Guerra civil entre Pizarristas VS Almagristas. 1537 - 1542
0%
Gimenéz de Quesada funda ciudades buscando El Dorado. Creación provincia Nueva Granada. | Pizarro manda a ejecutar a Almagro 1538
0%
Pedro de Valdivia, funda ciudades hasta el estrecho de Magallanes para establecer nueva ruta comercial 1540 - 1541
0%
Pizarro asesinado por Almagristas 1541
0%
colonias se niegan a aplicar las Leyes Nuevas. protestas + guerra civil en Perú tras asesinato del nuevo Virrey 1544
0%
Carlos V abroga el artículo que acababa con la Encomienda | Democrates segundo, legítima sumisión gracias a las guerras de conquista y explotación por los españoles apoyándose en Aristoteles 1545
0%
Españoles llegan a sierra de la plata. Se encuentran con indígenas que hablan castellano 1548
0%
Controversia de Valladolid 1550-1551
0%
3.000 esclavos africanos en Virreinato del Perú 1555
0%
20 000 esclavos africanos en el Virreinato de Nueva España. 1570
0%
llegaron 200 - 350 000 esclavos a colonias españolas (Indias occidentales). 1595 - 1640
0%
entre 300-350 000 esclavos africanos en provincias españolas 1600-1650
0%
casi mismo número esclavos / españoles 1650
0%
Leyes de Indias 1680
0%
a la llegada Borbones, reformas borbónicas para reafirmar el poder de la Corona sobre las colonias en autonomía 1700
0%
creación del Virreinato de la Nueva Granada con el Istmo de Panamá 1717
0%
Rebelión comunera en Paraguay contra la autoridad colonial 1723-1753
0%
Juan Santos Atahualpa organiza ataques de pueblos, haciendas + mata representantes del sistema colonial 1742-1756
0%
estalla rebelión en Caracas: colonos VS privilegios compañía de comercio Guipuzcoana 1749
0%
colonos de Quito se rebelan contra la política fiscal de estancos 1775
0%
Virreinato del Rio de la Plata (alto Perú, Bolivia, y el Potosí) | declaración independencia de los EE.UU 1776
0%
levantamiento de José Gabriel Condorcanqui (Tupac Amaru II) 1780-1781
0%
rebelión de los comuneros en Alto Perú y Nueva Granada 1781
0%
revolución francesa rjecuta el Rey, no hay castigo divino + llegada de las ideas de la Ilustración 1789
0%
expedición de Alexander Von Humboldt, denuncia el sistema de castas en artículos científicos. Abre una conciencia criolla 1800-1804
0%
Napoleon Bonaparte invade España 1808
0%
Rey José Bonaparte = usurpador ilegítimo. Movimiento de resistencia 1808-1810
0%
Junta de Buenos Aires, declaración de independencia 1810
0%
todas las colonias declararon su independencia (salvo Cuba, Filipinas y Porto Rico). 1825
0%
Matanza de Cholula 18 octubre 1519
0%
1570 20 000 esclavos africanos en el Virreinato de Nueva España.
0%
ejecución de Atahualpa a pesar de haber pagado rescate 29 agosto 1533
0%
A finales del siglo 16 2 millones de KM bajo dominación española
0%
1555 3.000 esclavos africanos en Virreinato del Perú
0%
1492-1650 350.000 españoles llegan en las colonias
0%
1534 4.000 colones españoles llegan a Cusco
0%
virreyes criollos (nombrados por el Rey/Consejo de Indias) 4 / 70
0%
1491 50 millones indígenas en América
0%
1550 5-6 millones (epidemias, guerras, explotación laboral)
0%
Siglo 17 80% población indígenas ha desaparecido, pero numéricamente importante
0%
Moctezuma II se somete a Cortés y al rey Carlos V a orillas de la Laguna de Texcoco 8 nov 1519
0%
2 millones de KM bajo dominación española A finales del siglo 16
0%
Cortés vuelve a someter Tenochtitlan Agosto de 1521
0%
1700 a la llegada Borbones, reformas borbónicas para reafirmar el poder de la Corona sobre las colonias en autonomía
0%
1536 Almagro enviado a conquistar provincias de Chile
0%
1537 Almagro manda a detener los hermanos de Pizarro.
0%
1537 Almagro regresa a Cusco y vence de nuevo a los Incas
0%
1492 - 1870 al menos 12 millones personas fueron sacadas de África para ser vendidas en América
0%
Debates entorno a la legitimidad (mezcla fe/ley) de la conquista y colonización | ciudades coloniales deben corresponder a normas arquitectónicas castellanas A mediados del siglo 16
0%
Siglo 18 aparece el liberalismo de Smith. Molesta a los colonos
0%
Siglo 16 aparición corsarios (trabaja para un Rey) y piratas en Caribes
0%
Nov 1532 Batalla de Cajamarca : Atahualpa recibe a Fray Vicente Valverde (representa a Pizarro) en la ciudad sagrada de Cajamarca
0%
1529 Capitán Juan de Salazar funda Asunción. Etapa en la conquista sierra de la plata.
0%
Capitulación de Toledo para colonizar Perú Capitulación de Toledo para colonizar Perú
0%
1545 Carlos V abroga el artículo que acababa con la Encomienda
0%
1542 Carlos V crea segundo Virreinato del Perú, nombra a otro
0%
1516 Carlos V Rey decide reformar las colonias
0%
1650 casi mismo número esclavos / españoles
0%
reducción pena de cárcel a cambio de ir a las Indias célula de 1497
0%
A mediados del siglo 16 ciudades coloniales deben corresponder a normas arquitectónicas castellanas
0%
1544 colonias se niegan a aplicar las Leyes Nuevas. protestas + guerra civil en Perú tras asesinato del nuevo Virrey
0%
1775 colonos de Quito se rebelan contra la política fiscal de estancos
0%
1483 Colón presenta su proyecto al Rey de Portugal
0%
1492-1500 Colón virrey y el gobernador de provincia
0%
1552 completa la Brevísima y la dedica al Principe Felipe
0%
1530-1550 Conquista de Chile, Paraguay, Castilla de Oro, Nueva Granada y Río de la Plata.
0%
1532-1545 Conquista del Perú (imperio incaico) por Francisco Pizarro y Diego de Almagro
0%
1519-1532 Conquista de México / Nueva España por Hernán Cortés
0%
1550-1551 Controversia de Valladolid
0%
1536 Corona crea Virreinato de Nueva España (México, centro América, Caribe). 1er Virreinato creado en Nuevo Mundo
0%
1528 Cortés destituido por autoritarismo. Absuelto por Carlos V. Título de Marqués del Valle de Oaxaca
0%
1522 Cortés perdonado. Recibe título de Gobernador + Capitán General de Nueva España
0%
Agosto de 1521 Cortés vuelve a someter Tenochtitlan
0%
1503 creación Casa de la Contratación en Sevilla (reglamenta los intercambios entre las colonias / España)
0%
1524 creación del Consejo de Indias (elaborar leyes, nombrar altos funcionarios, papel de tribunal de justicia, nombra los obispos)
0%
1717 creación del Virreinato de la Nueva Granada con el Istmo de Panamá
0%
oct 1521 Cuauhtemoc (resistente contra imperialismo) detenido y ejecutado
0%
Siglo 18 debates en cuanto a la legitimidad de la esclavitud + conversión de los africanos
0%
A mediados del siglo 16 Debates entorno a la legitimidad (mezcla fe/ley) de la conquista y colonización
0%
1776 declaración independencia de los EE.UU
0%
1533 Democrates Primus, legítima recurso a violencia en defensa de fe cristiana
0%
1545 Democrates segundo, legítima sumisión gracias a las guerras de conquista y explotación por los españoles apoyándose en Aristoteles
0%
Siglo 17 desarrollo del comercio triangular
0%
1542 Descubrimiento de montaña de Potosí (mayor yacimiento de plata encontrado)
0%
Fray Antonio de Montesinos primero en denunciar los abusos españoles (sermón de Adviento en Santo Domingo) Diciembre 1511
0%
Mayo 1520 Diego Velázquez envía un grupo dirigido por Pánfilo de Narváez para detener a Cortés
0%
1519 Diego Velázquez = gobernador de Cuba
0%
29 agosto 1533 ejecución de Atahualpa a pesar de haber pagado rescate
0%
Hasta 1572 el Manco Inca y Tupac Amaru encabezaron resistencia contra los españoles
0%
1502 Encomienda (sistema jurídico). Un grupo de indígenas era entregado por la Corona a un encomendero
0%
1600-1650 entre 300-350 000 esclavos africanos en provincias españolas
0%
1548 Españoles llegan a sierra de la plata. Se encuentran con indígenas que hablan castellano
0%
1749 estalla rebelión en Caracas: colonos VS privilegios compañía de comercio Guipuzcoana
0%
1800-1804 expedición de Alexander Von Humboldt, denuncia el sistema de castas en artículos científicos. Abre una conciencia criolla
0%
Hasta el final del siglo 18 expediciones para buscar el rey dorado
0%
1532 FP y DA en Tumbes apoyan a Atahualpa en la guerra civil para vencer a Huáscar
0%
1532 - 1537 Francisco Pizarro y Diego de Almagro : 2 exploraciones saliendo del Istmo de Panamá.
0%
Diciembre 1511 Fray Antonio de Montesinos primero en denunciar los abusos españoles (sermón de Adviento en Santo Domingo)
0%
1542 Fray Bartolomé de Las Casas redacta 1era versión de la Brevísima relación de la destrucción de las Indias porque nadie aplica las Leyes de Burgos
0%
1526 Fray Francisco de Vitoria funda la Escuela de Salam. Siete títulos (no) legítimos
0%
1538 Gimenéz de Quesada funda ciudades buscando El Dorado. Creación provincia Nueva Granada.
0%
14 / 602 gobernadores de provincia criollos.
0%
1537 - 1542 Guerra civil entre Pizarristas VS Almagristas.
0%
el Manco Inca y Tupac Amaru encabezaron resistencia contra los españoles Hasta 1572
0%
expediciones para buscar el rey dorado Hasta el final del siglo 18
0%
miedo al indígena que permanece hasta el siglo 19
0%
Marzo 1519 Hernán Cortés desembarca en el Golfo de México
0%
1742-1756 Juan Santos Atahualpa organiza ataques de pueblos, haciendas + mata representantes del sistema colonial
0%
1810 Junta de Buenos Aires, declaración de independencia
0%
1512-1513 Junta de Burgos : reunión de teólogos, letrados que promulgaron Leyes de Burgos
0%
1780-1781 levantamiento de José Gabriel Condorcanqui (Tupac Amaru II)
0%
1680 Leyes de Indias
0%
1595 - 1640 llegaron 200 - 350 000 esclavos a colonias españolas (Indias occidentales).
0%
Hernán Cortés desembarca en el Golfo de México Marzo 1519
0%
18 octubre 1519 Matanza de Cholula
0%
Diego Velázquez envía un grupo dirigido por Pánfilo de Narváez para detener a Cortés Mayo 1520
0%
hasta el siglo 19 miedo al indígena que permanece
0%
8 nov 1519 Moctezuma II se somete a Cortés y al rey Carlos V a orillas de la Laguna de Texcoco
0%
Siglo 18 moda de pinturas de castas en Nueva España
0%
1808 Napoleon Bonaparte invade España
0%
Batalla de Cajamarca : Atahualpa recibe a Fray Vicente Valverde (representa a Pizarro) en la ciudad sagrada de Cajamarca Nov 1532
0%
Pizarro envía Diego de Almagro a conquistar las tierras del Sur (Cusco) nov 1533
0%
Cuauhtemoc (resistente contra imperialismo) detenido y ejecutado oct 1521
0%
Siglo 18 paroxismo del comercio triangular
0%
1529 Pedro de Mendoza obtiene capitulación para descubrir y conquistar la sierra de la Plata pasando por Río de la Plata.
0%
1540 - 1541 Pedro de Valdivia, funda ciudades hasta el estrecho de Magallanes para establecer nueva ruta comercial
0%
1541 Pizarro asesinado por Almagristas
0%
nov 1533 Pizarro envía Diego de Almagro a conquistar las tierras del Sur (Cusco)
0%
1538 Pizarro manda a ejecutar a Almagro
0%
Siglo 17 - 18 potencias europeas (Francia, Holanda, Dinamarca) se instalaron en América a pesar bula inter caetera.
0%
siglo 18 primeras rebeliones criollas
0%
1542 promulgación de Leyes Nuevas por el Consejo de Indias
0%
1723-1753 Rebelión comunera en Paraguay contra la autoridad colonial
0%
1781 rebelión de los comuneros en Alto Perú y Nueva Granada
0%
1536 Rebelión en Cusco encabezada por otro hermano el Manco Inca Yupanqui
0%
célula de 1497 reducción pena de cárcel a cambio de ir a las Indias
0%
Siglo 15-16 renacimiento, redescubrimiento antigüedad : Aristóteles: existen siervos a natura
0%
1789 revolución francesa rjecuta el Rey, no hay castigo divino + llegada de las ideas de la Ilustración
0%
1808-1810 Rey José Bonaparte = usurpador ilegítimo. Movimiento de resistencia
0%
Siglo 4 San Agustin es “justo” recurrir a fuerza convertir a los herejes cuando persuasión no funcionó
0%
Siglo 13 Santo Tomas de Aquino. No se puede convertir por la fuerza, fe debe ser sincera pero si se puede hacer guerra
0%
1522 Sebastián Gaboto organiza expediciones hacia estrecho de Magallanes buscando las islas de especias. Desobedece y explora Rio Plata
0%
Siglo 16 Se elevan voces de protesta (frailes dominicos)
0%
Santo Tomas de Aquino. No se puede convertir por la fuerza, fe debe ser sincera pero si se puede hacer guerra Siglo 13
0%
renacimiento, redescubrimiento antigüedad : Aristóteles: existen siervos a natura Siglo 15-16
0%
Se elevan voces de protesta (frailes dominicos) | aparición corsarios (trabaja para un Rey) y piratas en Caribes Siglo 16
0%
80% población indígenas ha desaparecido, pero numéricamente importante | desarrollo del comercio triangular Siglo 17
0%
potencias europeas (Francia, Holanda, Dinamarca) se instalaron en América a pesar bula inter caetera. Siglo 17 - 18
0%
aparece el liberalismo de Smith. Molesta a los colonos | debates en cuanto a la legitimidad de la esclavitud + conversión de los africanos | moda de pinturas de castas en Nueva España | paroxismo del comercio triangular Siglo 18
0%
primeras rebeliones criollas siglo 18
0%
San Agustin es “justo” recurrir a fuerza convertir a los herejes cuando persuasión no funcionó Siglo 4
0%
1825 todas las colonias declararon su independencia (salvo Cuba, Filipinas y Porto Rico).
0%
1776 Virreinato del Rio de la Plata (alto Perú, Bolivia, y el Potosí)
0%
4 / 70 virreyes criollos (nombrados por el Rey/Consejo de Indias)
0%
Aucun quiz correspondant
Distribution des résultats
% des personnes avec chaque résultat
Percentile par nombre de réponses
Votre historique - résultats
Vous n’avez pas pris ce quiz